[Event "Norway Chess 2025"]
[Site "Stavanger, Norway"]
[Date "2025.05.27"]
[Round "2.2"]
[White "Nakamura, Hikaru"]
[Black "Carlsen, Magnus"]
[Result "1/2-1/2"]
[WhiteElo "2804"]
[BlackElo "2837"]
[Annotator "Chess.com"]
[PlyCount "67"]
[EventDate "2025.??.??"]
[TimeControl "40/7200:0"]

{[%evp 0,67,19,19,19,19,19,7,6,-13,7,7,17,15,19,-36,-6,-38,2,-16,-3,-14,0,-3,16,21,34,2,2,11,15,11,11,-5,17,-6,-2,-19,-12,-33,-24,-24,-4,-41,-12,-12,-28,-30,-9,-87,-68,-73,-26,-24,-24,-46,-3,-32,-1,-1,15,-1,0,7,25,25,25,25,25,25]} 1. e4 e5 2. Nf3 Nc6 3. Bb5 a6 4. Ba4 Nf6 5. d3 Bc5 6. O-O d6 7. c3 O-O 8. Nbd2 Ba7 9. h3 Ne7 10. Re1 Ng6 11. Nf1 d5 12. exd5 Nxd5 13. d4 $6 {This leads to trouble—when played in the earlier Nakamura-Caruana game, Black still had a bishop on c5.} (13. Ng3 {was suggested by Carlsen first, and it does seem to keep the position rock-solid.}) (13. Bc2 {is an alternative.}) 13... exd4 14. Nxd4 c5 $1 {Carlsen seizes the chance to expand on the queenside.} 15. Nf3 b5 $1 16. Bc2 Bb7 17. a4 c4 $1 18. Bd2 $6 {Both a shaky move, and one that cost Nakamura 31 minutes, leaving him over 40 minutes down on the clock.} Qc7 19. Nd4 $6 b4 $1 {This is the high-water mark of Carlsen's advantage. He's 24 minutes up on the clock and close to winning, according to the computer, but from here Nakamura begins to play fast and equalize the game.} 20. Qg4 Rae8 21. Rad1 bxc3 $6 {The first misstep of the whole game by the world number-one.} (21... b3 $1 {or}) (21... Nf6 $1 {keep a bigger edge.}) 22. bxc3 Nf6 23. Qg3 Qa5 $5 24. Qg5 {Offering an exchange of queens.} Qxg5 $6 {Carlsen accepts, thinking he can do his thing of pushing in the endgame, but it turns out he's soon no better. It's also notable that in playing this move, he dropped lower on the clock than Nakamura.} (24... Qc7 {is the computer suggestion, but it's always tough to reverse your previous move.}) 25. Bxg5 Ne4 26. Bxe4 Bxe4 {Black has the bishop pair, but the position is too unstable.} 27. Nd2 Bd5 28. Nc2 Rxe1+ 29. Rxe1 Rc8 30. Nb4 Bb7 31. Ne4 (31. Nxc4 {was also possible, illustrating how tricky things have become e.g.} Rxc4 32. Re8+ Nf8 33. Re7) 31... a5 $1 {Here it's Carlsen who needs to be precise $1} (31... f6 $5 32. Nd6 $1 {again highlights issues in Black's camp.}) 32. Nd6 Rb8 33. Nc2 Bc6 $1 {One last precise move.} 34. Be3 $1 {Mass exchanges would likely now follow, but neither player had an urge to play on in this position with six minutes on their clock, and a draw was agreed.} 1/2-1/2

[Event "13th Norway Chess 2025"]
[Site "Stavanger NOR"]
[Date "2025.05.27"]
[Round "2.2"]
[White "Nakamura, Hikaru"]
[Black "Carlsen, Magnus"]
[Result "1/2-1/2"]
[WhiteElo "2804"]
[BlackElo "2837"]
[Annotator "Chessbase"]
[PlyCount "67"]
[EventDate "2025.05.26"]

1. e4 e5 2. Nf3 Nc6 3. Bb5 a6 4. Ba4 Nf6 5. d3 Bc5 6. O-O d6 7. c3 O-O 8. Nbd2 Ba7 9. h3 Ne7 10. Re1 Ng6 11. Nf1 d5 $146 ({RR} 11... Nh5 12. Bg5 f6 13. Be3 Nhf4 14. Bb3+ Kh8 15. d4 f5 16. exf5 Bxf5 17. Ng3 e4 18. Nd2 d5 19. Nxf5 Rxf5 20. Nf1 Rg5 21. Ng3 h5 22. h4 Rg4 23. Qxg4 hxg4 24. h5 Nd3 25. hxg6 Nxe1 26. Rxe1 {Getz,N (2367)-Mikalsen,E (2177) Oslo 2015 0-1 (55)}) ({RR} 11... c6 12. d4 exd4 13. cxd4 d5 14. e5 Ne4 15. Bc2 f5 16. Ng3 Nh4 17. Nh2 c5 18. Ne2 cxd4 19. Bd3 Nxg2 20. Kxg2 Qh4 21. Rf1 f4 22. Ng1 Bxh3+ 23. Nxh3 f3+ 24. Nxf3 Qg4+ 25. Kh2 Rxf3 26. Qxf3 {Pranav,V (2597)-Wei Yi (2722) chess.com INT 2023 0-1}) ({RR} 11... c6 12. Ng3 d5 13. exd5 Nxd5 14. d4 exd4 15. Nxd4 Re8 16. Rxe8+ Qxe8 17. Bb3 Qe5 18. Qd3 Qe1+ 19. Qf1 Qxf1+ 20. Kxf1 Bxd4 21. cxd4 Be6 22. Ne4 b6 23. Ng5 Bd7 24. Bd2 h6 25. Bxd5 cxd5 26. Nf3 {Kevlishvili,R (2536)-Bruzon Batista,L (2559) Saint Louis USA 2025 ½-½ (42)}) ({RR} 11... c6 12. Ng3 d5 13. exd5 Nxd5 14. d4 exd4 15. Nxd4 Qc7 16. Bc2 Bd7 17. c4 Ndf4 18. Be3 c5 19. Ndf5 Rad8 20. Qg4 Bc6 21. Bxf4 Qxf4 22. Ne7+ Kh8 23. Qxf4 Nxf4 24. Nxc6 bxc6 25. Rad1 Ne6 26. Be4 {Gheng,D (2068)-Lehmann,S (1989) Deizisau 2019 ½-½ (41)}) ({RR} 11... Nh5 12. d4 Nhf4 13. Ng3 Qf6 14. Nh5 Qe7 15. Bxf4 Nxf4 16. Nxf4 exf4 17. Qd2 Qf6 18. e5 dxe5 19. Nxe5 f3 20. Nxf3 Bxh3 21. Qg5 Be6 22. Qxf6 gxf6 23. b4 c6 24. Nd2 a5 25. a3 axb4 26. axb4 {Stoleriu,G (2392)-Cosma,I (2367) Geoagiu Bai ROU 2022 1-0 (67)}) 12. exd5 Nxd5 13. d4 exd4 14. Nxd4 c5 15. Nf3 b5 16. Bc2 Bb7 17. a4 c4 18. Bd2 Qc7 19. Nd4 b4 20. Qg4 Rae8 21. Rad1 bxc3 22. bxc3 Nf6 23. Qg3 Qa5 24. Qg5 Qxg5 25. Bxg5 Ne4 26. Bxe4 Bxe4 27. Nd2 Bd5 28. Nc2 Rxe1+ 29. Rxe1 Rc8 30. Nb4 Bb7 31. Ne4 a5 32. Nd6 Rb8 33. Nc2 Bc6 34. Be3 1/2-1/2

[Event "Norway Chess 8th"]
[Site "Stavanger"]
[Date "2020.10.13"]
[Round "8"]
[White "Carlsen, Magnus"]
[Black "Tari, Aryan"]
[Result "1-0"]
[WhiteElo "2863"]
[BlackElo "2633"]
[Annotator "Nielsen,Peter Heine"]
[PlyCount "89"]
[EventDate "2020.10.05"]
[EventType "tourn"]
[EventRounds "10"]
[EventCountry "NOR"]
[EventCategory "21"]
[SourceTitle "CBM 199"]
[Source "ChessBase"]
[SourceDate "2020.12.01"]
[SourceVersion "1"]
[SourceVersionDate "2020.12.01"]
[SourceQuality "1"]

{[%evp 0,89,30,28,28,28,31,4,8,-13,3,8,22,4,22,27,17,2,31,-26,10,-63,-1,-64,17,-54,17,17,8,17,17,6,13,9,9,20,15,19,27,50,47,29,32,48,46,55,48,50,91,38,38,30,65,36,60,17,23,34,39,35,39,22,25,29,80,82,131,114,113,128,119,128,133,150,170,156,167,161,280,255,302,302,596,698,705,725,732,724,748,756,1188,1337]} {Winning this game was essential. Not only due to having the white pieces vs. the tournaments lowest rated player, but also in order to regain the lead in the tournament. Kasparov in his day would crush the lower-rated with his opening knowledge, not even allowing them to get a game, but these days the situation has reversed, and from the strongest player's perspective it is more a matter of actualy getting out of the opening with a position full of play that becomes the target. Many would try along the lines of 1.f3/2.g3, keeping as many pieces on the board as possible, but the World Champion, as always, goes his own way:} 1. e4 e5 2. Nf3 Nc6 3. Bb5 a6 4. Ba4 Nf6 {In the previous round Tari tried 4...f5?! against Duda, but as expected such a move is based on its surprise value, and not to be repeated.} 5. O-O Be7 6. d3 $5 {Aronian played 6.e1 against Tari earlier in the tournament, but Magnus stays loyal to the line that even in some books carries his name, as he popularised it by succesfully employing it in his early youth.} b5 7. Bb3 d6 8. a4 Bd7 $1 {In the 2007 Elista Candidates, Aronian went for 8...b8 against Magnus, and later 8...b4 would become the preferred move, until Black finally settling for the game move being the solution to his problems.} 9. c3 Na5 10. Ba2 c5 ({A much more radical solution is} 10... bxa4 $5 {Temporarily it wins a pawn, and after} 11. Nbd2 O-O 12. Bb1 Bb5 $5 {Ding had a reasonable position vs Magnus in the 2017 St. Louis showdown. The ideas is that to get the pawn on a4 back, White has to play c4, but that means that he no longer has the c3+d4 option, and Black's position therefore stablises.}) 11. Bg5 O-O 12. Nbd2 {Caruana played 12 axb5 axb5 13 a3 aiming for the e3-square via c2, but Magnus will not yet release the tension in the a-line.} Rb8 13. axb5 {Logical timing, as Black has just removed his rook form the a-file.} axb5 14. Re1 b4 15. Nc4 Nxc4 16. Bxc4 bxc3 17. bxc3 Qc7 18. Qc2 Bb5 19. Bxb5 Rxb5 20. Bxf6 $1 Bxf6 21. Nd2 {A very interesting position, at least from a technical point oi view. Black has managed to clear off 3 sets of minor pieces, as well as the a- and b-pawns. All this speaks in favour of a draw, but White does have a very visible plus in the sense that his knight wil settle on c4 or d5. That in itself is not enought to make Black's position collapse, so a lot is going to depend on how White can improve his position, intensifying the pressure. This position perhaps is not Black's last chance, but still a very crucial one.} Qc6 $6 ({Had Tari played} 21... h5 $1 {, he would have seriously improved his chances of making a draw. Getting the pawn to h4 holds a lot of benefits. His bishop will have a safe haven on g5, and White's king will feel some discomfort should he allow a black rook access to the first rank.}) 22. Qa4 Rfb8 23. Nc4 {Another instructive moment.} Be7 (23... Bg5 {suggests itself, stopping the knight from going on to e3 heading for d5, but} 24. Na3 R5b6 25. Qxc6 Rxc6 26. Nc4 {the computers indicate as basicaly winning for White! Despite the symmetry Black has been rendered completely passive. White's rook will enter a7, then perhaps d7 and a1-a7 coming next, Black is in a hopeless situation.}) (23... h5 {was a more active way of defending but apart from 24.a3, White also has} 24. g3 h4 25. Rab1 $5 {as after} Rxb1 26. Qxc6 Rxe1+ 27. Kg2 {despite nominally being behind in material, White's queen and knight coordinate much better than the black pieces and should win easily.}) 24. g3 $1 {24.a3 certainly also was good, but with e7 protected, Black will be in time for ...c7 defending the 7th rank, and thus Magnus decides to reinforce his position even further.} Qc8 25. Qd1 g6 26. Kg2 Bf8 27. Qf3 Rb3 28. Rec1 Qe6 29. Ra7 {Black's problem is not so much that his position in any way is collapsing, but that he has absolutly no way of trying to equalise. Often slightly worse positions have a tendency to turn into equality with exact moves, as the initiative evaporates, but here Magnus' advantage is purely static, and in a way that Black cannot repair. He'll just have so sit and wait, and try to parry White's attempts at breaking through.} R8b7 30. Rxb7 $5 {A remarkable decision. In general one would think keeping material on the board favours the attacker, but as with the potential queen swap earlier, it is not neccessarily so. White also has to break through, and eliminating a defender thus has definite plusses.} Rxb7 31. Ra1 h5 32. Ra8 Kg7 33. Ne3 Rc7 $2 {An innocent looking move, but the decisive mistake.} ({The computer indicates that} 33... Qd7 $1 {is the only way to defend, answering} 34. Nd5 {with} Be7 {defending the f6 square, when Black stays in the game, with 35...a7 coming next. Objectively perhaps the position is drawn, but from a practical point of view, Tari would still have to suffer for many moves as White would play for h3-g3, d4 or even taking his king to the queenside.}) (33... Be7 {looks similar, but then} 34. Nf5+ $1 {wins, illustrating the pressure Black is under.}) 34. Nd5 Rc8 {If 34...Rd7 White wins exactly like in the game, preparing g4-g5.} 35. Ra7 Rb8 36. h3 Rd8 37. g4 hxg4 38. hxg4 Rd7 39. Ra8 f6 40. g5 $1 {The final finesse, as Black can not take on g5, due to f8 hanging.} f5 41. Qh3 Rf7 42. Re8 $5 {Nice, and winning, yet the computers suggestion of 42 c4!? being even better is noteworthy! It illustrates the story of the game, the inability of the black position to improve itself, even given time for free.} Qxe8 43. Qh6+ Kg8 44. Qxg6+ Kh8 45. Nf6 {And having to choose between mate or substantial material losses, Tari resigned.} 1-0

[Event "13th Norway Chess 2025"]
[Site "Stavanger NOR"]
[Date "2025.05.31"]
[Round "5"]
[White "Caruana, Fabiano"]
[Black "Carlsen, Magnus"]
[Result "1/2-1/2"]
[WhiteElo "2776"]
[BlackElo "2837"]
[Annotator "Rafael Leitao"]
[PlyCount "133"]
[EventDate "2025.05.26"]
[TimeControl "40/7200:0"]

1. e4 e5 2. Nf3 Nc6 3. Bb5 a6 4. Ba4 Nf6 5. O-O Be7 6. Bxc6 dxc6 7. Re1 {Este sistema de abertura foi jogado na primeira partida do match Nepomniachtchi-Ding em 2023. Embora tenha sido discutido apenas uma vez na disputa, este lance agora é testado de vez em quando por Grandes Mestres fortes.} Nd7 {O lance principal, mas 7...Bg4 e 7...Dd6 são alternativas importantes.} (7... Bg4) (7... Qd6) 8. d4 Bf6 {Um lance muito raro, jogado em apenas uma partida de GM na histórica Olimpíada de Buenos Aires em 1978.} (8... exd4 {foi o lance jogado por Ding e pela esmagadora maioria dos jogadores de xadrez.}) 9. Be3 {Simplesmente reforçando o centro. Isso é melhor do que trocar em e5 para jogar o final.} ({Após} 9. dxe5 Nxe5 10. Qxd8+ Kxd8 11. Nxe5 Bxe5 12. Nd2 Be6 13. Nf3 Bf6 14. Bg5 Ke7 {a estrutura de peões melhor não é suficiente para oferecer vantagem às Brancas.}) (9. c3 {é semelhante à partida.}) 9... O-O 10. c3 {Um lance novo e lógico. Caruana quer terminar o desenvolvimento com Dc2-Tad1 e lutar por uma vantagem com seu bom controle central.} (10. Nc3 {foi jogado em Ermenkov-Hernandez Onna, Olimpíada de Buenos Aires 1978.}) 10... Re8 11. Nbd2 {Acho que o experimento na abertura foi um sucesso para as Brancas, já que não é fácil jogar com as Negras.} exd4 {Abrir mão do centro não é o ideal, mas é necessário para mover o cavalo de f8.} ({O imediato} 11... Nf8 $2 {é ruim devido a} 12. dxe5 Bxe5 13. Nxe5 Rxe5 14. f4 Re8 15. f5 {com uma vantagem esmagadora para as Brancas, graças à sua estrutura de peões muito superior.}) (11... b6 $5 {é um plano alternativo, e eu posso imaginar muitos jogadores tentando-o. As Negras simplesmente querem desenvolver o bispo em b7. As Brancas mantêm uma pequena vantagem após} 12. Qc2 (12. Nc4 $6 {é pior:} exd4 13. Bxd4 c5 14. Bxf6 Nxf6 {e as Negras não têm problemas.}) 12... Bb7) (11... a5 {é um lance sutil, uma ideia parecida com a que Carlsen joga mais tarde na partida.}) 12. cxd4 Nf8 13. Qc2 Ng6 14. h3 {As Brancas melhoram a posição calmamente.} a5 $5 {Tentando ganhar espaço na ala da dama. Após a5-a4, há também uma pequena chance de a torre entrar em jogo usando a casa a5, falaremos mais sobre isso depois.} (14... Be6 15. Rad1 {com a iniciativa das Brancas.}) 15. Rad1 (15. a4 {para o avanço do peão, mas as Negras podem usar a casa b4 depois de} Be7) 15... a4 16. Nb1 $1 {Uma excelente manobra para melhorar o cavalo.} Be7 17. Nc3 Bb4 (17... a3 $5 {As Negras podem considerar jogar esse lance antes de colocar o bispo em b4.}) 18. d5 {Caruana joga o meio-jogo com muita energia.} (18. a3 {é uma abordagem mais simples e também possível. Após} Bxc3 19. bxc3 {As Brancas mantêm uma pequena vantagem. Se conseguirem avançar os peões no centro, a posição das Negras pode se tornar perigosa.} (19. Qxc3 $2 {perde um peão:} Rxe4)) 18... Qe7 $6 {Carlsen tinha que encontrar um lance muito difícil sugerido pela máquina para ter chances realistas de igualar.} (18... cxd5 $2 {é errado:} 19. Nxd5 Bxe1 $2 20. Nxc7 {com uma vantagem decisiva.}) (18... Nh4 $1 {é o lance recomendado pelo computador. Após} 19. Nxh4 Qxh4 {surpreendentemente, as Negras estão mais ou menos bem, com um possível sacrifício de bispo em h3 pairando no ar.}) 19. a3 Bd6 (19... Bxc3 20. Qxc3 cxd5 21. exd5 {É perigoso para as Negras abrir a posição devido ao desenvolvimento superior das Brancas.}) 20. Bd4 {As Negras estão sob forte pressão.} (20. dxc6 bxc6 {As Brancas têm uma vantagem estável e muitas ideias promissoras. Uma delas é} 21. Bg5 $5 (21. Nxa4 Qxe4 {não é tão convincente.}) 21... f6 22. Bc1 {seguido pela captura do peão de a4.}) 20... Qd7 $1 {O único lance. Carlsen, aliás, encontrará vários lances difíceis e forçados nesta partida, que é uma verdadeira aula de defesa.} (20... c5 $2 {perde forçado:} 21. e5 $1 cxd4 22. exd6 Qf8 23. Nb5 {com uma vantagem esmagadora.}) (20... f6 {impede e4-e5, mas perde um peão:} 21. dxc6 bxc6 22. Nxa4) 21. e5 $1 {Caruana ataca da maneira mais eficiente.} (21. dxc6 Qxc6 {é defensável.}) (21. Nxa4 Nf4 $1 {é uma excelente recomendação da máquina, com a ideia de sacrificar o cavalo em h3 ou g2. As Negras conseguem alcançar um contra-ataque repentino.} (21... cxd5 22. Nc3 Nf4 {também é possível.})) 21... Bf8 22. e6 $1 (22. d6 {é menos perigoso. As Negras estão bem depois de} cxd6 23. exd6 Rxe1+ 24. Nxe1 Qf5 $1) 22... fxe6 23. dxe6 (23. dxc6 {também é interessante. Depois de} Qxc6 24. Ne5 $1 Nxe5 25. Bxe5 {as Brancas sacrificam um peão, mas tem excelente compensação. O plano é mover a dama para g4 e o cavalo para e4 com um ataque.}) 23... Rxe6 24. Ne4 {A situação é crítica, mas Carlsen encontra um lance brilhante.} Ra5 $3 {O único lance. A torre entra no jogo no momento certo. Qualquer outra coisa simplesmente perde.} (24... Qe8 $2 25. Neg5) (24... Bd6 $2 25. Nfg5) (24... h6 $2 25. Nf6+) 25. Bc5 (25. Nfg5 $2 {não funciona mais com a torre em a5.} Rxg5 $1 26. Nxg5 Rxe1+ 27. Rxe1 Qxd4 {ganhando material.}) 25... Qe8 26. Qc3 (26. Qc4 $5 {também é muito perigoso. As Negras precisam encontrar vários lances difíceis para sobreviver.} b6 $1 27. Nfg5 Ne5 28. Qe2 {Vamos seguir a principal linha recomendada pelo computador:} bxc5 29. Nxe6 Bxe6 30. f4 {As Negras têm problemas na coluna 'e', mas há uma saída.} Bb3 $1 31. fxe5 c4 $3 {A torre está salvando o dia novamente.} (31... Bxd1 32. Rxd1 {deixa as Negras com problemas posicionais.}) 32. Rc1 Rxe5 {com contra-jogo.}) 26... b6 27. Bxf8 Nxf8 (27... Qxf8 $2 {perde para} 28. Nd4) 28. Neg5 Rxe1+ 29. Rxe1 Qd8 (29... Qg6 {é mais preciso quando as Negras estão próximas da igualdade.}) 30. Qxc6 h6 31. Ne4 Be6 $6 (31... Qd7 $1 {é melhor.}) 32. Nc3 Qd7 33. Qxd7 Bxd7 34. Re7 {As Negras ainda não estão fora de perigo.} Rc5 $6 (34... Rf5 $1 35. Ne5 Be6 {dá melhores chances de defesa.}) 35. Ne5 Bf5 36. g4 $6 (36. Nxa4 {não é muito preciso:} Rc1+ 37. Kh2 Rc2 {com chances de empate.}) (36. Re8 $1 {é muito desagradável para as Negras.} g5 (36... Kh7 37. Rxf8 Rxe5 38. Nxa4 {com um peão a mais no final.}) 37. g4 Be6 38. Ng6 Bf7 (38... Kf7 $2 39. Nxf8 Kxe8 40. Nxe6) 39. Rxf8+ Kg7 40. Ra8 Kxg6 41. Rxa4 {Talvez as Negras ainda consigam escapar com uma defesa perfeita, mas será uma longa tortura jogar o final com um peão a menos.}) 36... Ng6 $1 37. Re8+ Kh7 38. f4 (38. Nxg6 Bxg6 {seguido por b6-b5, defendendo o peão de a4.}) 38... Nxe5 39. Rxe5 Rxe5 40. fxe5 Bd7 (40... Bd3 {é uma boa alternativa:} 41. Nxa4 Kg6 {com um empate provável.}) 41. Nd5 Kg6 42. Nxc7 Kf7 43. Kf2 {As Negras precisam encontrar a ordem correta dos lances para alcançar o empate. Carlsen finalmente comete um erro claro.} g5 $2 (43... Bc6 $1 {é o único caminho.} 44. Ke3 (44. h4 g5 $1 45. hxg5 hxg5 46. Ke3 Bd7 {A pressão em g4 salva as Negras.}) 44... Bg2 $1 {chegou na hora certa $1} (44... g5 $2 45. Kd4 {as Brancas vencem, como veremos na análise da partida.}) 45. h4 g5 $1 46. hxg5 hxg5 {Novamente as Negras estão prontas para atacar o peão de g4.} 47. Nb5 Ke6 48. Kd4 (48. Nc3 Kxe5 49. Nxa4 b5 {e parece que as Brancas não conseguem vencer, mesmo estando com um peão a mais.}) 48... Bf3 49. Nc3 Bxg4 50. Nxa4 Bf3 51. Nxb6 g4 {O peão de g custará material às Brancas: ou o cavalo, ou o peão de e.}) 44. Nd5 $2 {Carlsen deixa passar um ganho.} (44. Ke3 $1 Bc6 45. Kd4 Bg2 46. Nd5 $1 Ke6 (46... Bxh3 {A questão é que as Brancas podem jogar} 47. Ne3 $1 {quando o bispo está preso.}) 47. Nxb6 Bxh3 48. Nxa4 Bxg4 49. Nc5+ Ke7 50. b4 $1 {Os peões das Brancas são mais rápidos, por exemplo:} h5 51. b5 h4 52. Ke3 $1 {quando o rei se aproxima do peão de h.}) 44... Ke6 45. Nf6 (45. Nxb6 Bb5 {seguido da captura do peão de e5.}) 45... Bc8 46. Ng8 Kxe5 47. Nxh6 Be6 48. Ke3 b5 49. Nf5 Bxf5 50. gxf5 Kxf5 {O empate fica claro.} 51. Kf3 Kf6 52. Kg4 Kg6 53. Kg3 Kh5 54. Kf3 Kh4 55. Kg2 g4 56. hxg4 Kxg4 57. Kf2 Kf4 58. Ke2 Ke4 59. Kd2 Kd4 60. Kc2 Kc4 61. b3+ axb3+ 62. Kb2 b4 63. a4 Kd5 64. Kxb3 Kc5 65. a5 Kb5 66. a6 Kxa6 67. Kxb4 {Uma luta maravilhosa entre dois gigantes do jogo.} 1/2-1/2